Pridaná hodnota nepomáha

Trendy na trhu - Nové zámky. Hromadné otváranie nových veľkoplošných predajní ohrozuje existenciu menších rodinných predajní a malého súkromného podnikania v regióne Nové zámky. Podnikanie umožňuje prežiť, nie zbohatnúť. Vojna dvoch svetov.

Saved in:
Bibliographic Details
Main Author: Barusová, Marcela
Format: Book Chapter
Language:Slovak
Subjects:
Tags: Add Tag
No Tags, Be the first to tag this record!

MARC

LEADER 00000naa$a2200000$$$4500
001 0057469
005 20231128092506.2
041 0 |a slo 
044 |a SK 
245 1 0 |a Pridaná hodnota nepomáha  |c Marcela Barusová 
520 |a Trendy na trhu - Nové zámky. Hromadné otváranie nových veľkoplošných predajní ohrozuje existenciu menších rodinných predajní a malého súkromného podnikania v regióne Nové zámky. Podnikanie umožňuje prežiť, nie zbohatnúť. Vojna dvoch svetov. 
610 2 0 |a obchod 
610 2 0 |a predajne 
610 2 0 |a podnikanie súkromné 
610 2 0 |a reťazce obchodné 
610 2 0 |a Slovensko 
610 2 0 |a regióny 
100 1 |a Barusová, Marcela